Taylor Swift - Devine les chansons par le refrain #9 - Statistiques

Statistiques générales
  • Ce quiz a été pris 150 fois
  • Le résultat moyen est 8 sur 15
Statistiques - réponses
Hint Réponse % Correct
I've been ***, I've been the preyWho could ever leave me, darling But who could stay? The Archer
85%
You can hear it in the silence (Silence), silence (Silence), youYou can feel it on the way home (Way home), way home (Way home), you You can see it with the lights out (See it with the lights out), lights out (Lights out) ***, true love, *** You Are In Love
82%
"***, it's been waitin' for you"***, *** ***, it's been waitin' for you ***, *** It's a new soundtrack, I could dance to this beat, beat forevermorе The lights are so bright, but they nеver blind me, me ***, it's been waitin' for you ***, *** Welcome to New York
77%
Take me to ***, where all the poets went to dieI don't belong and, my beloved, neither do you Those Windermere peaks look like a perfect place to cry I'm setting off, but not without my muse the lakes
76%
You said you were gonna grow upThen you were gonna come find me Said you were gonna grow up Thеn you were gonna come find mе Said you were gonna grow up Then you were gonna come find me Words from the mouths of babes Promises oceans-deep But never to keep Oh, never to keep Peter
70%
And it's like ***Weird, but fuckin' beautiful Flying in a dream Stars by the pocketful You wanting me Tonight feels impossible But it's comin' down No sound, it's all around Snow on the Beach
68%
Now, pretty baby, I'm runnin' back home to you***, I know who my first call will be to (***, oh) Fresh Out the Slammer
59%
***, darlin'Because you break them, I had to take them away ***, honey (Oh) Did you think I wouldn't hear all the things you said about me? *** This Is Why We Can’t Have Nice Things
54%
Now, I'm standin' alone in a crowded roomAnd we're not speakin' And I'm dyin' to know Is it killin' you like it's killin' me? Yeah I don't know what to say since the twist of fate When it all broke down And *** looks a lot like a tragedy now The Story Of Us
51%
And I'm sitting on a bench in ***Wondering, where did my baby go? The fast times, the bright lights, the merry go Sorry for not making you my centerfold Over and over Lost again with no surprises Disappointments, close your eyes And it gets colder and colder When the sun goes down coney island
46%
Well, can you feel this magic in the air?It must have been the way you kissed me Fell in love when I saw you standing there It must have been the way *** It must have been the way *** Today Was a Fairytale
32%
This slope is ***This path is reckless This slope is *** And I-I-I like it Treacherous
32%
And *** like you'd *** from the lawDarling, let's *** *** from it all We can go where our eyes can take us Go where no one else is, *** Ooh, we'll *** Ooh, we'll *** Ooh, we'll *** Run
31%
Hold on, baby, you're losing itThe water's high, you're jumping into it and letting go And no one knows That you cry, but you don't tell anyone That you might not be the golden one And you're *** But you're coming undone, oh Tied Together With a Smile
19%
All that I wanted was to be wantedToo young to wander London streets, alone and haunted Born into nothing At least you have something, something to cling to Visions of dazzling rooms I'll never get let into And the memories were lost long ago But at least you have *** Beautiful Ghosts
12%
Aucun quiz correspondant
Distribution des résultats
% des personnes avec chaque résultat
Percentile par nombre de réponses
Votre historique - résultats
Vous n’avez pas pris ce quiz